Maximum rent shock for landowners (Record no. 65953)

MARC details
000 -LEADER
fixed length control field 00861cam a2200217 4500
001 - CONTROL NUMBER
control field WB3705-26
008 - FIXED-LENGTH DATA ELEMENTS--GENERAL INFORMATION
fixed length control field 000000n2001 000 0 eng u
035 ## - SYSTEM CONTROL NUMBER
System control number (Sirsi) u110677
245 ## - TITLE STATEMENT
Title Maximum rent shock for landowners
260 ## - PUBLICATION, DISTRIBUTION, ETC.
Date of publication, distribution, etc. 2001
490 ## - SERIES STATEMENT
Series statement Estates Gazette
Volume/sequential designation (0104) 27 January 2001, 58(1)
520 ## - SUMMARY, ETC.
Summary, etc. The ruling by the House of Lords on the Rent Acts (Maximum Fair Rent) Order 1999 means that estate landowners could face repaying thousands of pounds of rent. A capping formula will once again limit rent increases. For the "Spath Home" decision, see WB3701-26.
590 ## - LOCAL NOTE (RLIN)
Local note WB
650 ## - SUBJECT ADDED ENTRY--TOPICAL TERM
Topical term or geographic name entry element RENT ACTS (MAXIMUM FAIR RENT) ORDER 1999
650 ## - SUBJECT ADDED ENTRY--TOPICAL TERM
Topical term or geographic name entry element LANDOWNERS
650 ## - SUBJECT ADDED ENTRY--TOPICAL TERM
Topical term or geographic name entry element FAIR RENTS
650 ## - SUBJECT ADDED ENTRY--TOPICAL TERM
Topical term or geographic name entry element CAPPING
650 ## - SUBJECT ADDED ENTRY--TOPICAL TERM
Topical term or geographic name entry element R V SOS ENVIRONMENT AND ANOTHER EX P SPATH HOLME LTD
690 ## - LOCAL SUBJECT ADDED ENTRY--TOPICAL TERM (OCLC, RLIN)
Topical term or geographic name as entry element PROPERTY-LANDLORD AND TENANT
942 ## - ADDED ENTRY ELEMENTS (KOHA)
Suppress in OPAC 0
Holdings
Withdrawn status Lost status Source of classification or shelving scheme Damaged status Not for loan Home library Current library Shelving location Date acquired Total Checkouts Full call number Barcode Date last seen Copy number Price effective from Koha item type
    Dewey Decimal Classification     London London News article 31/01/2001   WB3705-26 110677-1001 06/08/2019 1 06/08/2019 News article